Statystyki dla Pełne, urzędowe nazwy państw

Kliknij tutaj aby rozwiązać quiz!

Ogólne statystyki

  • Ten quiz został rozwiązany 54 razy
  • Średni wynik to 6 z 15

Statystyki odpowiedzi

HintOdpowiedź% Poprawnych
ChinyChińska Republika Ludowa
88%
NiemcyRepublika Federalna Niemiec
71%
Wielka BrytaniaZjednoczone Królestwo Wielkiej Brytanii i Irlandii Północnej
67%
Korea PółnocnaKoreańska Republika Ludowo-Demokratyczna
58%
IranIslamska Republika Iranu
48%
LuksemburgWielkie Księstwo Luksemburga
48%
AustraliaZwiązek Australijski
38%
MeksykMeksykańskie Stany Zjednoczone
25%
WietnamSocjalistyczna Republika Wietnamu
25%
BrazyliaFederacyjna Republika Brazylii
19%
BoliwiaWielonarodowe Państwo Boliwia
19%
AlgieriaAlgierska Republika Ludowo-Demokratyczna
17%
NepalFederalna Demokratyczna Republika Nepalu
12%
SyriaSyryjska Republika Arabska
12%
JordaniaJordańskie Królestwo Haszmidzkie
2%

Rozkład punktacji

Percentyl według liczby udzielonych odpowiedzi

Procent ludzi z każdym wynikiem

Twoja historia wyników

Nie rozwiązałeś tego quizu